10 Closest Capitals to Kyrgyzstan Quiz Stats

Quiz Updated Jan 27, 2015

Challenge
Share
Tweet
Embed
Score 0/10 Timer 04:00
3 Plays Today
Capital % Correct
Kabul, Afghanistan
85.1%
Islamabad, Pakistan
83.7%
Tehran, Iran
79.4%
Astana, Kazakhstan
78.8%
New Delhi, India
75.4%
Tashkent, Uzbekistan
75%
Kathmandu, Nepal
64.6%
Baku, Azerbaijan
63.6%
Dushanbe, Tajikistan
62.6%
Ashgabat, Turkmenistan
58.8%

You're not logged in!

Compare scores with friends on all Sporcle quizzes.
Sign Up with Email
OR
Log In

You Might Also Like...

Show Comments

Extras

Top Quizzes Today


Score Distribution

Your Account Isn't Verified!

In order to create a playlist on Sporcle, you need to verify the email address you used during registration. Go to your Sporcle Settings to finish the process.